| 000 | 00698cam a22002413a 4500 | ||
|---|---|---|---|
| 001 | 22342 | ||
| 003 | PGUSA | ||
| 005 | 20140828083456.0 | ||
| 008 | 070816s2007||||xxu|||||s|||||000 1 eng d | ||
| 040 |
_aPGUSA _beng |
||
| 042 | _adc | ||
| 050 | 4 | _aPS | |
| 100 | 1 |
_aGarrett, Randall, _d1927-1987 |
|
| 245 | 1 | 0 |
_aSupermind _h[electronic resource] / _cRandall Garrett |
| 260 |
_bProject Gutenberg, _c2007 |
||
| 506 | _aPublic domain in the USA. | ||
| 516 | _aElectronic text | ||
| 653 | _aUnited States. Federal Bureau of Investigation -- Fiction | ||
| 653 | _aParapsychology -- Fiction | ||
| 830 | 0 |
_aProject Gutenberg _v22342 |
|
| 856 | 4 | 0 | _uhttp://www.gutenberg.org/ebooks/22342 |
| 942 | _cEB | ||
| 999 |
_c251597 _d251597 |
||